| 000 | 00451 a2200145 4500 | ||
|---|---|---|---|
| 020 | _a020163368X | ||
| 082 | _a658.5'62'07973 | ||
| 090 |
_c6614 _d6614 |
||
| 100 | _aHeaphy,Maureen S. | ||
| 245 |
_aThe Malcolm Baldrige National Quality Award. _bA Yardstick for Quality Growth. _cMaureen S.Heaphy. |
||
| 260 |
_aNew York _bAddison-Wesley Publishing Company. _c1995. |
||
| 300 | _a440p. | ||
| 500 | _aPaper cover | ||
| 942 |
_anbs _cBK _k658.5'62'07973 HEA |
||
| 999 |
_c348972 _d348972 |
||